000 00541nam a22002057a 4500
003 OSt
005 20140310182827.0
008 130529t xxu||||| |||| 00| 0 eng d
020 _a842322507
050 _aBS 550.2
_b.L785 1971
082 _aM 220.52
_bL96 1971
245 _aThe living Bible :
_bparaphrased
260 _aWheaton, Illionois :
_bTyndale House Publishers
_c1971
300 _a1020 p. :
_c21 cm.
521 _acollege students
526 _c1210L-1700L
541 _j1
562 _e1
942 _2lcc
_cBK
_kM
999 _c16538
_d16538